[Event "Mittelrhein Regionalliga 1920"]
[Site "Mittelrhein"]
[Date "2020.01.19"]
[Round "5.1"]
[White "Gallinnis, Norbert"]
[Black "Distelrath, Stephan"]
[Result "0-1"]
[WhiteElo "2078"]
[BlackElo "2098"]
[PlyCount "113"]
[EventDate "2019.09.29"]
[EventType "team-tourn"]
[EventRounds "9"]
[EventCountry "GER"]
[SourceTitle "EXT 2023"]
[Source "ChessBase"]
[SourceDate "2022.10.05"]
[SourceVersion "1"]
[SourceVersionDate "2022.10.05"]
[SourceQuality "1"]
[WhiteTeam "Koeln Porz III"]
[BlackTeam "Koeln Ford SF"]
[WhiteTeamCountry "GER"]
[BlackTeamCountry "GER"]

1. e4 e6 2. d4 d5 3. Nc3 Bb4 4. a3 Bxc3+ 5. bxc3 dxe4 6. Qg4 Nf6 7. Qxg7 Rg8 8. Qh6 Rg6 9. Qd2 c5 10. Bb2 Nc6 11. 0-0-0 Qa5 12. Ne2 Bd7 13. Ng3 0-0-0 14. Qe1 Ne7 15. Be2 Bc6 16. Rf1 Ned5 17. dxc5 Nf4 18. Rxd8+ Qxd8 19. Rg1 Qd5 20. Bf1 Qxc5 21. Ne2 N4d5 22. Nd4 Nb6 23. Nb3 Qd6 24. g3 Ng4 25. c4 Na4 26. Be2 Nxb2 27. Kxb2 Ne5 28. Qc3 Rg8 29. Rd1 Qc7 30. Qe3 b6 31. Qh6 Rd8 32. Rxd8+ Qxd8 33. Qg7 Qd6 34. Qxh7 a5 35. c5 bxc5 36. Nxa5 Qd4+ 37. Kb1 Bd5 38. c4 Qxf2 39. Qh8+ Kd7 40. Qxe5 Qe1+ 41. Ka2 Qxe2+ 42. Kb3 Qd1+ 43. Kb2 Qd2+ 44. Kb3 Qxa5 45. cxd5 Qb5+ 46. Ka2 Qc4+ 47. Ka1 exd5 48. h4 Qc1+ 49. Ka2 Qd2+ 50. Kb3 Qd3+ 51. Ka4 Qa6+ 52. Kb3 Qb5+ 53. Ka2 Qc4+ 54. Kb2 Qe2+ 55. Kb3 Qd3+ 56. Ka4 e3 57. Qf6 0-1

[Event "Mittelrhein Regionalliga 1920"]
[Site "Mittelrhein"]
[Date "2019.12.08"]
[Round "4.1"]
[White "Meirick, Ingo"]
[Black "Gallinnis, Norbert"]
[Result "0-1"]
[WhiteElo "2183"]
[BlackElo "2066"]
[PlyCount "83"]
[EventDate "2019.09.29"]
[EventType "team-tourn"]
[EventRounds "9"]
[EventCountry "GER"]
[SourceTitle "EXT 2023"]
[Source "ChessBase"]
[SourceDate "2022.10.05"]
[SourceVersion "1"]
[SourceVersionDate "2022.10.05"]
[SourceQuality "1"]
[WhiteTeam "Herzogenrath"]
[BlackTeam "Koeln Porz III"]
[WhiteTeamCountry "GER"]
[BlackTeamCountry "GER"]

1. d4 Nf6 2. c4 c5 3. d5 Ne4 4. Qc2 Qa5+ 5. Nc3 Nxc3 6. Bd2 Qc7 7. Bxc3 e5 8. f4 d6 9. Nf3 Nd7 10. e3 g6 11. h4 Bg7 12. h5 a6 13. a4 Rg8 14. hxg6 hxg6 15. Rh7 Qd8 16. 0-0-0 Qe7 17. Be2 Bf6 18. Rhh1 Kd8 19. Rhe1 Kc7 20. Kb1 Re8 21. g4 Kb8 22. g5 Bh8 23. Rh1 Qf8 24. Nd2 Bg7 25. Bg4 Kc7 26. Ne4 exf4 27. Bxg7 Qxg7 28. exf4 b5 29. cxb5 axb5 30. axb5 Qf8 31. Rh7 Kb6 32. Rhh1 f5 33. gxf6 Rxe4 34. Qxe4 Nxf6 35. Qxg6 Nxg4 36. Rh5 Ne3 37. Re1 Bf5+ 38. Rxf5 Qxf5+ 39. Qxf5 Nxf5 40. Re6 Rf8 41. Kc1 Kxb5 42. Kd2 0-1

[Event "Mittelrhein Verbandsliga-S 18/19"]
[Site "Nordrheinwestfalen"]
[Date "2018.11.18"]
[Round "4.1"]
[White "Gallinnis, Norbert"]
[Black "Khachatryan, Artur"]
[Result "1-0"]
[WhiteElo "2118"]
[BlackElo "1882"]
[PlyCount "111"]
[EventDate "2018.09.02"]
[EventType "team-tourn"]
[EventRounds "11"]
[EventCountry "GER"]
[SourceTitle "EXT 2022"]
[Source "ChessBase"]
[SourceDate "2021.10.06"]
[SourceVersion "1"]
[SourceVersionDate "2021.10.06"]
[SourceQuality "1"]
[WhiteTeam "Porz SG IV"]
[BlackTeam "Satranc Club"]
[WhiteTeamCountry "GER"]
[BlackTeamCountry "GER"]

1. e4 e6 2. g3 d5 3. exd5 exd5 4. Bg2 Nf6 5. Nf3 c5 6. d4 Nc6 7. 0-0 Bg4 8. Re1+ Ne4 9. h3 Be6 10. c3 Qd7 11. Nbd2 f5 12. Nf1 0-0-0 13. Bf4 Rg8 14. Ne5 Nxe5 15. Bxe5 Bd6 16. Bxd6 Qxd6 17. dxc5 Qxc5 18. Qd4 Qxd4 19. cxd4 Rd6 20. Rac1+ Kd7 21. f3 Nf6 22. Nd2 g5 23. Bf1 Rc8 24. Rxc8 Kxc8 25. Bd3 Bd7 26. Re5 Nh5 27. Kf2 Ng7 28. Re7 Rg6 29. Nf1 Kd8 30. Re5 Rh6 31. Rxd5 Ke7 32. Re5+ Kd6 33. Kg2 Re6 34. Ra5 a6 35. Kf2 Rf6 36. Ne3 h6 37. Nc4+ Kc7 38. Re5 Ne6 39. Ne3 Kd6 40. Nxf5+ Kc7 41. Ke3 Nd8 42. Rc5+ Kb6 43. g4 Ne6 44. Rc3 Nf4 45. Be4 Be6 46. a3 Bf7 47. Rc8 Ka7 48. Rh8 Rb6 49. b4 h5 50. gxh5 a5 51. h6 axb4 52. axb4 Rxb4 53. h7 Rb2 54. d5 Re2+ 55. Kd4 Rd2+ 56. Kc3 1-0

[Event "Mittelrhein Verbandsliga-S 18/19"]
[Site "Nordrheinwestfalen"]
[Date "2018.09.30"]
[Round "2.1"]
[White "Gallinnis, Norbert"]
[Black "Borriss, Martin"]
[Result "0-1"]
[WhiteElo "2118"]
[BlackElo "2427"]
[PlyCount "120"]
[EventDate "2018.09.02"]
[EventType "team-tourn"]
[EventRounds "11"]
[EventCountry "GER"]
[SourceTitle "EXT 2022"]
[Source "ChessBase"]
[SourceDate "2021.10.06"]
[SourceVersion "1"]
[SourceVersionDate "2021.10.06"]
[SourceQuality "1"]
[WhiteTeam "Porz SG IV"]
[BlackTeam "Siebengebirge"]
[WhiteTeamCountry "GER"]
[BlackTeamCountry "GER"]

1. e4 c5 2. Na3 Nc6 3. g3 g6 4. h4 d5 5. exd5 Qxd5 6. Qf3 Qd7 7. Bh3 e6 8. Bg2 Bg7 9. Qd1 b6 10. Nf3 h6 11. d3 Bb7 12. 0-0 Nge7 13. Nc4 0-0 14. Re1 Rad8 15. Ne3 h5 16. Rb1 Nd4 17. Nxd4 cxd4 18. Nc4 Bxg2 19. Kxg2 b5 20. Ne5 Qd5+ 21. Nf3 Qxa2 22. Bg5 Rd7 23. Kg1 Qd5 24. Ra1 Nc6 25. Bd2 a5 26. Ng5 a4 27. Ne4 Ra7 28. Bh6 f6 29. Bxg7 Kxg7 30. Qe2 e5 31. c4 dxc3 32. bxc3 b4 33. cxb4 Nxb4 34. Red1 Rc8 35. Rd2 Nc6 36. Rda2 Nd4 37. Qd1 Nb3 38. Rb1 Rac7 39. Kh2 Rc1 40. Qf3 f5 41. Rxc1 Nxc1 42. Rxa4 Rc7 43. Ng5 Qxf3 44. Nxf3 Nxd3 45. Ra2 Rc6 46. Kg2 Kf6 47. Re2 Rb6 48. Ra2 Ke6 49. Ng5+ Kd5 50. Re2 Rb2 51. Rxb2 Nxb2 52. Kf3 Nd3 53. Ke2 Nc5 54. Ke3 Ne6 55. Nh3 Kc4 56. Ng1 Nd4 57. Nh3 Kc5 58. Ng5 Kd5 59. Nh3 f4+ 60. gxf4 Nf5+ 0-1

[Event "BL2-West 1718"]
[Site "Germany"]
[Date "2017.11.12"]
[Round "3.7"]
[White "Kienast, Joerg"]
[Black "Gallinnis, Norbert"]
[Result "0-1"]
[WhiteElo "2223"]
[BlackElo "2186"]
[PlyCount "82"]
[EventDate "2017.10.08"]
[EventType "team-tourn"]
[EventRounds "9"]
[EventCountry "GER"]
[SourceTitle "CBM 183 Extra"]
[Source "ChessBase"]
[SourceDate "2018.04.19"]
[SourceVersion "1"]
[SourceVersionDate "2018.04.19"]
[SourceQuality "1"]
[WhiteTeam "Schott Mainz"]
[BlackTeam "Koeln Porz"]
[WhiteTeamCountry "GER"]
[BlackTeamCountry "GER"]

1. e4 e5 2. Nf3 d6 3. d4 f6 4. Bc4 Qe7 5. 0-0 Be6 6. Qd3 Nd7 7. a4 g5 8. Na3 Bxc4 9. Nxc4 Qf7 10. Rd1 h6 11. Be3 Be7 12. Na5 Rb8 13. Ra3 d5 14. dxe5 Bxa3 15. exd5 fxe5 16. Qxa3 Ngf6 17. c4 Qe7 18. Qc3 Ne4 19. Qc2 Qh7 20. b4 g4 21. Nd2 Nxd2 22. Qxd2 a6 23. c5 Nf6 24. d6 c6 25. Nc4 Nd7 26. Re1 Kf8 27. Qc3 Re8 28. Na5 Nf6 29. Bc1 Nd5 30. Qg3 Qd7 31. Re4 h5 32. Nc4 Qf5 33. f3 gxf3 34. Qxf3 Qxf3 35. gxf3 Nf6 36. Rxe5 Kf7 37. Bb2 Rhg8+ 38. Kf2 Rxe5 39. Bxe5 Ke6 40. Bf4 Nd5 41. Bg3 Rg7 0-1

[Event "Oberliga NRW 1415"]
[Site "Germany"]
[Date "2015.03.01"]
[Round "7.5"]
[White "Hirsch, Stefan"]
[Black "Gallinnis, Norbert"]
[Result "1-0"]
[WhiteElo "2226"]
[BlackElo "2222"]
[PlyCount "35"]
[EventDate "2014.09.14"]
[EventType "team-tourn"]
[EventRounds "9"]
[EventCountry "GER"]
[SourceTitle "EXT 2017"]
[Source "ChessBase"]
[SourceDate "2016.10.25"]
[SourceVersion "1"]
[SourceVersionDate "2016.10.25"]
[SourceQuality "1"]
[WhiteTeam "Wattenscheid"]
[BlackTeam "Koeln Porz II"]
[WhiteTeamCountry "GER"]
[BlackTeamCountry "GER"]

1. e4 c5 2. Nf3 d6 3. Bb5+ Nd7 4. 0-0 Ngf6 5. Re1 e6 6. d4 cxd4 7. Qxd4 a6 8. Bf1 b5 9. a4 bxa4 10. Qxa4 Bb7 11. Nc3 Be7 12. e5 dxe5 13. Nxe5 Qc8 14. Rd1 h6 15. Bf4 Qd8 16. Rd2 Bc8 17. Rad1 Bc5 18. Qc6 1-0

[Event "Oberliga NRW 1314"]
[Site "Germany"]
[Date "2014.03.09"]
[Round "7.4"]
[White "Kartsev, Soel"]
[Black "Gallinnis, Norbert"]
[Result "1-0"]
[WhiteElo "2223"]
[BlackElo "2268"]
[PlyCount "67"]
[EventDate "2013.09.15"]
[EventType "team-tourn"]
[EventRounds "9"]
[EventCountry "GER"]
[SourceTitle "EXT 2015"]
[Source "ChessBase"]
[SourceDate "2014.11.20"]
[SourceVersion "1"]
[SourceVersionDate "2014.11.20"]
[SourceQuality "1"]
[WhiteTeam "Castrop Rauxel"]
[BlackTeam "Koeln Porz II"]
[WhiteTeamCountry "GER"]
[BlackTeamCountry "GER"]

1. e4 c5 2. c3 Qa5 3. Nf3 d6 4. Be2 Nf6 5. e5 dxe5 6. Nxe5 Nbd7 7. Nc4 Qc7 8. 0-0 g6 9. d4 cxd4 10. Qxd4 Bg7 11. Nba3 a6 12. Bf4 Qd8 13. Rad1 0-0 14. Bf3 Nh5 15. Be5 f6 16. Qd5+ Kh8 17. Bxh5 gxh5 18. Bg3 Qe8 19. Rfe1 Qf7 20. Qf3 Bh6 21. b3 Ra7 22. Nc2 b5 23. Na5 e5 24. Nb4 Nb8 25. h3 Qc7 26. Nd5 Qxa5 27. Rxe5 f5 28. Qxh5 Bg7 29. Re8 Nd7 30. Qf7 Qa3 31. Ne7 Rxe8 32. Qxe8+ Nf8 33. Nxc8 Ra8 34. Bd6 1-0

[Event "Oberliga NRW 1314"]
[Site "Germany"]
[Date "2014.02.02"]
[Round "6.4"]
[White "Gallinnis, Norbert"]
[Black "Smith, Thijmen"]
[Result "0-1"]
[WhiteElo "2268"]
[BlackElo "2193"]
[PlyCount "60"]
[EventDate "2013.09.15"]
[EventType "team-tourn"]
[EventRounds "9"]
[EventCountry "GER"]
[SourceTitle "EXT 2015"]
[Source "ChessBase"]
[SourceDate "2014.11.20"]
[SourceVersion "1"]
[SourceVersionDate "2014.11.20"]
[SourceQuality "1"]
[WhiteTeam "Koeln Porz II"]
[BlackTeam "Muelheim II"]
[WhiteTeamCountry "GER"]
[BlackTeamCountry "GER"]

1. e4 c5 2. Na3 Nc6 3. g3 g6 4. h4 Nf6 5. Bg2 Bg7 6. d3 d5 7. c3 dxe4 8. dxe4 Bg4 9. Qxd8+ Rxd8 10. f3 Bc8 11. Nh3 Ne5 12. Nf2 b6 13. g4 h6 14. Bf4 Nh7 15. Bd2 Nf8 16. 0-0-0 Ne6 17. f4 Rxd2 18. Rxd2 Nxf4 19. Bf1 0-0 20. Nb5 Nxg4 21. Nxa7 Be6 22. Nc6 h5 23. Nxe7+ Kh7 24. Kc2 Ne3+ 25. Kb1 Bf6 26. Nc6 Nxf1 27. Rxf1 Bxh4 28. Ne5 Bg5 29. Nf3 Bh6 30. Rg1 Nh3 0-1

[Event "Oberliga NRW 1314"]
[Site "Germany"]
[Date "2013.09.15"]
[Round "1.4"]
[White "Wolter, Kai"]
[Black "Gallinnis, Norbert"]
[Result "1/2-1/2"]
[WhiteElo "2238"]
[BlackElo "2268"]
[PlyCount "51"]
[EventDate "2013.09.15"]
[EventType "team-tourn"]
[EventRounds "9"]
[EventCountry "GER"]
[SourceTitle "EXT 2015"]
[Source "ChessBase"]
[SourceDate "2014.11.20"]
[SourceVersion "1"]
[SourceVersionDate "2014.11.20"]
[SourceQuality "1"]
[WhiteTeam "Muenster"]
[BlackTeam "Koeln Porz II"]
[WhiteTeamCountry "GER"]
[BlackTeamCountry "GER"]

1. e4 c5 2. Nf3 d6 3. d4 cxd4 4. Nxd4 Nf6 5. Nc3 e6 6. Be2 a6 7. f4 Qc7 8. 0-0 b5 9. Bf3 Bb7 10. e5 dxe5 11. fxe5 Nfd7 12. Bxb7 Qxb7 13. Bf4 b4 14. Nce2 Be7 15. Ng3 Qd5 16. Kh1 Nc6 17. Ndf5 Bf8 18. Qxd5 exd5 19. Rad1 Ndxe5 20. Rxd5 f6 21. Bxe5 Nxe5 22. Nh5 Rg8 23. Nh6 Rh8 24. Nf5 Rg8 25. Nh6 Rh8 26. Nf5 1/2-1/2

[Event "Oberliga NRW 1213"]
[Site "Germany"]
[Date "2013.04.07"]
[Round "8.4"]
[White "Gallinnis, Norbert"]
[Black "Rempel, Eugen"]
[Result "0-1"]
[WhiteElo "2278"]
[BlackElo "2119"]
[PlyCount "52"]
[EventDate "2012.09.16"]
[EventType "team-tourn"]
[EventRounds "9"]
[EventCountry "GER"]
[SourceTitle "EXT 2017"]
[Source "ChessBase"]
[SourceDate "2016.10.25"]
[SourceVersion "1"]
[SourceVersionDate "2016.10.25"]
[SourceQuality "1"]
[WhiteTeam "Koeln Porz II"]
[BlackTeam "Dortmund Hansa II"]
[WhiteTeamCountry "GER"]
[BlackTeamCountry "GER"]

1. e4 e5 2. Ne2 Bc5 3. c3 d5 4. exd5 Qxd5 5. d4 Bb6 6. Na3 Bg4 7. f3 Be6 8. Qa4+ Nc6 9. Nc2 0-0-0 10. Be3 Nge7 11. b3 Bf5 12. 0-0-0 Bxc2 13. Kxc2 Nf5 14. Bf2 exd4 15. Nxd4 Ncxd4+ 16. cxd4 Bxd4 17. Bc4 Qc5 18. Bxd4 Rxd4 19. Kb1 Rhd8 20. Rxd4 Qxd4 21. Rc1 Ne3 22. Qa5 Kb8 23. Bxf7 Qd3+ 24. Ka1 Qd4+ 25. Kb1 b6 26. Qb5 Nd1 0-1

[Event "Oberliga NRW 1213"]
[Site "Germany"]
[Date "2013.03.10"]
[Round "7.4"]
[White "Straeter, Timo"]
[Black "Gallinnis, Norbert"]
[Result "1/2-1/2"]
[WhiteElo "2350"]
[BlackElo "2278"]
[PlyCount "100"]
[EventDate "2012.09.16"]
[EventType "team-tourn"]
[EventRounds "9"]
[EventCountry "GER"]
[SourceTitle "EXT 2017"]
[Source "ChessBase"]
[SourceDate "2016.10.25"]
[SourceVersion "1"]
[SourceVersionDate "2016.10.25"]
[SourceQuality "1"]
[WhiteTeam "Bochum Wattenscheid II"]
[BlackTeam "Koeln Porz II"]
[WhiteTeamCountry "GER"]
[BlackTeamCountry "GER"]

1. d4 Nf6 2. Nf3 e6 3. Bg5 h6 4. Bxf6 Qxf6 5. e4 d6 6. Nc3 g5 7. Qd2 Bg7 8. 0-0-0 b6 9. Bb5+ c6 10. Bc4 Nd7 11. Rhe1 b5 12. Bb3 a6 13. e5 dxe5 14. Nxe5 Nxe5 15. Rxe5 Bb7 16. Ne4 Qe7 17. f4 0-0-0 18. g3 Kb8 19. Qe3 gxf4 20. gxf4 Bxe5 21. fxe5 c5 22. Nxc5 Qg5 23. Qxg5 hxg5 24. Rf1 Rh7 25. c3 a5 26. Bc2 Rg7 27. Rf2 Bd5 28. b3 Kc7 29. Bd3 Bc6 30. a3 Rh8 31. a4 bxa4 32. bxa4 Rh4 33. Rb2 Rg8 34. Na6+ Kd7 35. Bb5 Rc8 36. Nc5+ Kc7 37. Na6+ Kd8 38. Nc5 Bd5 39. Ba6 Ra8 40. c4 Bf3 41. Rf2 g4 42. d5 Kc7 43. Bb7 Rah8 44. Rb2 Rxh2 45. d6+ Kb8 46. Rb6 Bxb7 47. Rxb7+ Ka8 48. Rb6 Rg2 49. Ra6+ Kb8 50. Rb6+ Ka8 1/2-1/2

[Event "BL2-West 1112"]
[Site "Germany"]
[Date "2012.01.15"]
[Round "5.8"]
[White "Gallinnis, Norbert"]
[Black "Minor, Samuel"]
[Result "1-0"]
[WhiteElo "2311"]
[BlackElo "2214"]
[PlyCount "69"]
[EventDate "2011.10.02"]
[EventType "team-tourn"]
[EventRounds "9"]
[EventCountry "GER"]
[SourceTitle "EXT 2015"]
[Source "ChessBase"]
[SourceDate "2014.11.20"]
[SourceVersion "1"]
[SourceVersionDate "2014.11.20"]
[SourceQuality "1"]
[WhiteTeam "Koeln Porz"]
[BlackTeam "Wiesbaden"]
[WhiteTeamCountry "GER"]
[BlackTeamCountry "GER"]

1. e4 e6 2. b3 b6 3. Bb2 Bb7 4. Qe2 c5 5. d3 Nc6 6. Nf3 d6 7. g3 Nf6 8. Bg2 Be7 9. 0-0 0-0 10. Nbd2 Re8 11. a3 Bf8 12. c3 d5 13. e5 Nd7 14. d4 a5 15. Qe3 Ba6 16. Rfc1 Rc8 17. h4 Qe7 18. h5 h6 19. Nh4 Rc7 20. f4 Rec8 21. Ndf3 cxd4 22. cxd4 Na7 23. f5 Rc2 24. Rxc2 Rxc2 25. Rb1 Qe8 26. Bh3 Re2 27. Qc3 Nb5 28. Qc1 Re4 29. fxe6 fxe6 30. Qc6 Kf7 31. Rf1 Nxd4 32. Nxd4+ Bxf1 33. Bxe6+ Ke7 34. Nhf5+ Kd8 35. Qa8+ 1-0

[Event "Oberliga NRW 1112"]
[Site "Germany"]
[Date "2012.01.08"]
[Round "5.5"]
[White "Gallinnis, Norbert"]
[Black "Schiffer, Kai Uwe"]
[Result "1-0"]
[WhiteElo "2263"]
[BlackElo "2248"]
[PlyCount "89"]
[EventDate "2011.09.18"]
[EventType "team-tourn"]
[EventRounds "9"]
[EventCountry "GER"]
[SourceTitle "EXT 2015"]
[Source "ChessBase"]
[SourceDate "2014.11.20"]
[SourceVersion "1"]
[SourceVersionDate "2014.11.20"]
[SourceQuality "1"]
[WhiteTeam "Koeln Porz II"]
[BlackTeam "Duisburg PSV"]
[WhiteTeamCountry "GER"]
[BlackTeamCountry "GER"]

1. e4 c6 2. d4 d5 3. f3 e6 4. Nc3 b6 5. Nh3 Nf6 6. exd5 cxd5 7. Bb5+ Bd7 8. Be2 Nc6 9. Nf4 a6 10. Be3 Qc7 11. Nd3 Bd6 12. f4 Ne4 13. Nxe4 dxe4 14. Ne5 Bc8 15. Qd2 0-0 16. Nc4 Rd8 17. Nxd6 Qxd6 18. c3 Ne7 19. Bd1 Nf5 20. Bf2 Bb7 21. Rg1 Qe7 22. g4 Nh4 23. Bxh4 Qxh4+ 24. Qf2 Qxf2+ 25. Kxf2 f5 26. Bb3 Bd5 27. c4 Bb7 28. Ke3 g6 29. gxf5 exf5 30. a4 a5 31. Rac1 Kf8 32. h4 Ke7 33. h5 Rd6 34. d5 Kf6 35. Kd4 Re8 36. Rc3 Rd7 37. Bd1 Rde7 38. Rb3 e3 39. Rxb6+ Kf7 40. hxg6+ hxg6 41. Rbxg6 e2 42. Bxe2 Rxe2 43. Rg7+ Kf8 44. Rg8+ Kf7 45. R1g7+ 1-0

[Event "Oberliga NRW 1112"]
[Site "Germany"]
[Date "2011.12.04"]
[Round "4.5"]
[White "Homs, Guust"]
[Black "Gallinnis, Norbert"]
[Result "0-1"]
[WhiteElo "2159"]
[BlackElo "2263"]
[PlyCount "70"]
[EventDate "2011.09.18"]
[EventType "team-tourn"]
[EventRounds "9"]
[EventCountry "GER"]
[SourceTitle "EXT 2015"]
[Source "ChessBase"]
[SourceDate "2014.11.20"]
[SourceVersion "1"]
[SourceVersionDate "2014.11.20"]
[SourceQuality "1"]
[WhiteTeam "Erkenschwick"]
[BlackTeam "Koeln Porz II"]
[WhiteTeamCountry "GER"]
[BlackTeamCountry "GER"]

1. e4 c5 2. c3 d6 3. d4 Nd7 4. Nf3 e6 5. Bd3 Qc7 6. 0-0 g6 7. Bf4 e5 8. dxe5 dxe5 9. Bg3 Ne7 10. Bc4 Bh6 11. Bh4 f6 12. Nbd2 Kf8 13. Re1 Kg7 14. Qe2 Bf4 15. Bg3 Bh6 16. Rad1 Nb6 17. Bb3 Bd7 18. Nc4 Bb5 19. Nfxe5 fxe5 20. Bxe5+ Qxe5 21. Nxe5 Bxe2 22. Rxe2 Rhd8 23. Ree1 Bf4 24. Nd3 Rxd3 25. Rxd3 c4 26. Rf3 Bd2 27. Rd1 cxb3 28. Rxd2 bxa2 29. Rd1 Rd8 30. Ra1 Rd2 31. b4 Nc4 32. g3 Nc6 33. e5 N6xe5 34. Rf4 Rb2 35. Kg2 Ne3+ 0-1

[Event "Oberliga NRW 1112"]
[Site "Germany"]
[Date "2011.09.18"]
[Round "1.5"]
[White "Gallinnis, Norbert"]
[Black "Begnis, Nikolaos"]
[Result "1-0"]
[WhiteElo "2263"]
[BlackElo "2243"]
[PlyCount "123"]
[EventDate "2011.09.18"]
[EventType "team-tourn"]
[EventRounds "9"]
[EventCountry "GER"]
[SourceTitle "EXT 2015"]
[Source "ChessBase"]
[SourceDate "2014.11.20"]
[SourceVersion "1"]
[SourceVersionDate "2014.11.20"]
[SourceQuality "1"]
[WhiteTeam "Koeln Porz II"]
[BlackTeam "Aachen SV"]
[WhiteTeamCountry "GER"]
[BlackTeamCountry "GER"]

1. e4 c5 2. Na3 e6 3. g3 Nc6 4. Bg2 d5 5. exd5 exd5 6. Nf3 Qe7+ 7. Qe2 Qxe2+ 8. Kxe2 Bg4 9. Re1 0-0-0 10. Kf1 h6 11. Ne5 Nxe5 12. Rxe5 Nf6 13. d3 Bd6 14. Re1 Rhe8 15. Bd2 Bd7 16. Bc3 d4 17. Nc4 Bc7 18. Bd2 b6 19. a4 Rxe1+ 20. Bxe1 Be6 21. Bd2 Ng4 22. h4 Ne5 23. Na3 Bd5 24. f4 Bxg2+ 25. Kxg2 Nc6 26. f5 Re8 27. Re1 Rxe1 28. Bxe1 Kd7 29. Kf3 Ne7 30. Ke4 Kc6 31. b4 cxb4 32. Nb5 Bb8 33. Bxb4 Ng8 34. Nxd4+ Kd7 35. Kf3 Nf6 36. c4 Be5 37. Nc2 g6 38. g4 gxf5 39. gxf5 Bb2 40. Ne3 h5 41. Bf8 Nh7 42. Bb4 Nf6 43. Nf1 Bd4 44. Nd2 Kc6 45. Ne4 Nd7 46. Ng5 a5 47. Be7 Nc5 48. Bxc5 Kxc5 49. Ke4 Bg7 50. Nxf7 Kb4 51. Nd6 Kxa4 52. Nb5 Kb3 53. Kd5 a4 54. Kc6 Kc2 55. d4 Kd3 56. Kd5 a3 57. Nxa3 Bxd4 58. Nb5 Bb2 59. Nd6 Ke3 60. Ke6 Bg7 61. f6 Bf8 62. Nc8 1-0

[Event "Oberliga NRW 1011"]
[Site "Germany"]
[Date "2011.04.03"]
[Round "9.4"]
[White "Skulener, Wladimir"]
[Black "Gallinnis, Norbert"]
[Result "1/2-1/2"]
[WhiteElo "2347"]
[BlackElo "2287"]
[PlyCount "31"]
[EventDate "2010.09.26"]
[EventType "team-tourn"]
[EventRounds "9"]
[EventCountry "GER"]
[SourceTitle "EXT 2012"]
[Source "ChessBase"]
[SourceDate "2011.11.24"]
[SourceVersion "1"]
[SourceVersionDate "2011.11.24"]
[SourceQuality "1"]
[WhiteTeam "Aachen Aufwaerts"]
[BlackTeam "Koeln Porz II"]
[WhiteTeamCountry "GER"]
[BlackTeamCountry "GER"]

1. d4 Nf6 2. c4 c5 3. d5 Ne4 4. Qc2 Qa5+ 5. Nd2 Nf6 6. b3 g6 7. Bb2 Bg7 8. e4 d6 9. Ngf3 e5 10. dxe6 Bxe6 11. Be2 0-0 12. 0-0 Nc6 13. Bc3 Qc7 14. Qb2 Nh5 15. Bxg7 Nxg7 16. Bd3 1/2-1/2

[Event "BL2-West 1011"]
[Site "Germany"]
[Date "2010.10.24"]
[Round "2.8"]
[White "Angermuende, Dirk"]
[Black "Gallinnis, Norbert"]
[Result "0-1"]
[WhiteElo "2066"]
[BlackElo "2287"]
[PlyCount "39"]
[EventDate "2010.10.10"]
[EventType "team-tourn"]
[EventRounds "9"]
[EventCountry "GER"]
[SourceTitle "EXT 2012"]
[Source "ChessBase"]
[SourceDate "2011.11.24"]
[SourceVersion "1"]
[SourceVersionDate "2011.11.24"]
[SourceQuality "1"]
[WhiteTeam "Gerresheim"]
[BlackTeam "Koeln Porz"]
[WhiteTeamCountry "GER"]
[BlackTeamCountry "GER"]

1. e4 c5 2. c3 Qa5 3. Nf3 e6 4. Na3 d6 5. Nc4 Qc7 6. d4 b5 7. Ne3 a6 8. a4 bxa4 9. Qxa4+ Nd7 10. dxc5 dxc5 11. Nc4 Ngf6 12. Bd3 Be7 13. Bg5 0-0 14. e5 Nd5 15. Ne3 Nxe5 16. Bxh7+ Kxh7 17. Qh4+ Kg8 18. Nxe5 Nxe3 19. fxe3 Bxg5 20. Qxg5 0-1

[Event "NRW Class1 0910"]
[Site "Germany"]
[Date "2010.03.21"]
[Round "8.4"]
[White "Waldschmidt, Georg"]
[Black "Gallinnis, Norbert"]
[Result "1-0"]
[WhiteElo "2215"]
[BlackElo "2301"]
[PlyCount "103"]
[EventDate "2009.09.20"]
[EventType "team-tourn"]
[EventRounds "9"]
[EventCountry "GER"]
[SourceTitle "EXT 2011"]
[Source "ChessBase"]
[SourceDate "2010.11.26"]
[SourceVersion "1"]
[SourceVersionDate "2010.11.26"]
[SourceQuality "1"]
[WhiteTeam "Herne Sodingen"]
[BlackTeam "Porz SG II"]
[WhiteTeamCountry "GER"]
[BlackTeamCountry "GER"]

1. e4 c5 2. Nf3 d6 3. d4 cxd4 4. Nxd4 Nf6 5. Nc3 a6 6. Bc4 e6 7. 0-0 Qc7 8. Bb3 b5 9. f4 b4 10. Na4 Nxe4 11. Be3 Be7 12. f5 e5 13. Ne6 fxe6 14. Qh5+ Kf8 15. fxe6+ Bf6 16. Nb6 Bb7 17. Nd7+ Ke7 18. Qf7+ Kd8 19. Bb6 Ng5 20. Qh5 Nxd7 21. Bxc7+ Kxc7 22. exd7 Rad8 23. Qg4 Ne4 24. Rad1 h5 25. Qe2 Rxd7 26. Bd5 Nc5 27. Qc4 Rb8 28. a3 a5 29. Bxb7 Rxb7 30. Rd5 bxa3 31. bxa3 Rb6 32. Rfd1 Rc6 33. Qb5 Rd8 34. Qxa5+ Kc8 35. Rb1 Kd7 36. Rb6 Rdc8 37. Qb5 Ne6 38. Rb7+ R8c7 39. Rxc7+ Nxc7 40. Qb7 Rxc2 41. Rd1 Rc5 42. a4 d5 43. Qa7 Be7 44. a5 e4 45. Kf1 Bd6 46. a6 Rc6 47. Qb7 Rxa6 48. Rxd5 Ra2 49. Rg5 Bxh2 50. Rxg7+ Ke6 51. Qb3+ Kf6 52. Rf7+ 1-0

[Event "NRW Class1 0910"]
[Site "Germany"]
[Date "2010.01.31"]
[Round "6.4"]
[White "Gallinnis, Norbert"]
[Black "Noetzel, Frank"]
[Result "1-0"]
[WhiteElo "2301"]
[BlackElo "2274"]
[PlyCount "73"]
[EventDate "2009.09.20"]
[EventType "team-tourn"]
[EventRounds "9"]
[EventCountry "GER"]
[SourceTitle "EXT 2011"]
[Source "ChessBase"]
[SourceDate "2010.11.26"]
[SourceVersion "1"]
[SourceVersionDate "2010.11.26"]
[SourceQuality "1"]
[WhiteTeam "Porz SG II"]
[BlackTeam "Elberfeld"]
[WhiteTeamCountry "GER"]
[BlackTeamCountry "GER"]

1. e4 e5 2. Ne2 Nc6 3. f4 d6 4. d4 exf4 5. Nxf4 Nf6 6. Nc3 Bg4 7. Qd3 a6 8. h3 Bd7 9. g4 g6 10. g5 Ng8 11. h4 h5 12. Ncd5 Bg7 13. c3 Nce7 14. Ne3 c6 15. Bg2 Nc8 16. Bd2 Nge7 17. a4 a5 18. 0-0 0-0 19. Rf2 Nb6 20. b3 Be8 21. Nf5 d5 22. Nxg7 Kxg7 23. c4 Bd7 24. Bc3 Bg4 25. Re1 Qd7 26. exd5 cxd5 27. c5 Nbc8 28. Re5 Be6 29. Qe3 Ra6 30. Bf1 Nf5 31. Rxf5 Bxf5 32. Bxa6 bxa6 33. Qe5+ f6 34. gxf6+ Kh7 35. Qxd5 Qc7 36. Qe5 Qc6 37. d5 1-0